सही पते पर / (Record no. 116135)

MARC details
000 -LEADER
fixed length control field 01062nam a22002777a 4500
003 - CONTROL NUMBER IDENTIFIER
control field dpl
005 - DATE AND TIME OF LATEST TRANSACTION
control field 20180918143120.0
008 - FIXED-LENGTH DATA ELEMENTS--GENERAL INFORMATION
fixed length control field 180918b ||||| |||| 00| 0 eng d
010 ## - LIBRARY OF CONGRESS CONTROL NUMBER
LC control number A-582746
020 ## - INTERNATIONAL STANDARD BOOK NUMBER
Terms of availability 40.00
035 ## - SYSTEM CONTROL NUMBER
System control number A-582746, A-582751
037 ## - SOURCE OF ACQUISITION
Source of stock number/acquisition Cen Lib/Ret
040 ## - CATALOGING SOURCE
Original cataloging agency DPL
Language of cataloging HN
Transcribing agency 0
082 ## - DEWEY DECIMAL CLASSIFICATION NUMBER
Classification number
Item number मित्रवि
100 ## - MAIN ENTRY--PERSONAL NAME
Personal name मित्र, विमल
9 (RLIN) 64990
245 ## - TITLE STATEMENT
Title सही पते पर /
Statement of responsibility, etc विमल मित्र
246 ## - VARYING FORM OF TITLE
Title proper/short title Sahi pate par /
Remainder of title by Vimal Mitra
260 ## - PUBLICATION, DISTRIBUTION, ETC. (IMPRINT)
Place of publication, distribution, etc नई दिल्ली
Name of publisher, distributor, etc एस.के.पब्लिशर्स
Date of publication, distribution, etc 1992
270 ## - ADDRESS
Address ए-47, अमर कालोनी लाजपत नगर
City नई दिल्ली
Postal code 110024
300 ## - PHYSICAL DESCRIPTION
Extent 130पृ.
Dimensions 17सेमी(सजिल्द)
650 ## - SUBJECT ADDED ENTRY--TOPICAL TERM
Topical term or geographic name as entry element हिन्दी -- साहित्य
9 (RLIN) 64991
650 ## - SUBJECT ADDED ENTRY--TOPICAL TERM
Topical term or geographic name as entry element हिन्दी -- उपन्यास
9 (RLIN) 64992
650 ## - SUBJECT ADDED ENTRY--TOPICAL TERM
Topical term or geographic name as entry element Hindi -- Literature
9 (RLIN) 64993
650 ## - SUBJECT ADDED ENTRY--TOPICAL TERM
Topical term or geographic name as entry element Hindi -- Fiction
9 (RLIN) 27248
942 ## - ADDED ENTRY ELEMENTS (KOHA)
Source of classification or shelving scheme Dewey Decimal Classification
Koha item type Hindi Books
Classification part
Call number suffix मित्रवि
Holdings
Withdrawn status Lost status Damaged status Not for loan Home library Current library Date acquired Source of acquisition Cost, normal purchase price Total Checkouts Total Renewals Full call number Barcode Date last seen Date checked out Copy number Cost, replacement price Price effective from Koha item type Source of classification or shelving scheme Collection code
        Central Library Central Library 22/08/2015 Cen Lib/Ret 40.00 3 2 उ मित्रवि A-582746 06/09/2025 22/08/2025 1 40.00 22/08/2015 Hindi Books    
        Shahdara Branch Shahdara Branch 18/09/2018 BPPD/PUB 40.00     उ मित्रवि A-582751 18/09/2018     40.00 18/09/2018 Hindi Books Dewey Decimal Classification Fiction

© Delhi Public Library
Hit Counter
free hit counter